Modeli na ikonomičeski rastež kato funkcija na meždunarodnoto tarsene (sravnitelen analiz na primera na Južna Koreja i Tajvan).

Základné faktory dopytu a ponuky zabezpečujúce vysoké a stabilné tempá ekonomického rastu v Južnej Kórei a Tchaj-wane. Analýza základných rozdielov v použitých modeloch rastu v týchto dvoch krajinách z hľadiska diferencovaného prístupu k režimu akumulácie, koncentrácie podnikov a úverovej a daňovej...

Ausführliche Beschreibung

Gespeichert in:
Bibliographische Detailangaben
1. Verfasser: Bančev, Ju
Format: Buchkapitel
Sprache:Bulgarisch
Schlagworte:
Tags: Tag hinzufügen
Keine Tags, Fügen Sie das erste Tag hinzu!

MARC

LEADER 00000naa a2200000 4500
001 r011518
005 20221125115012.0
041 0 |a bul 
044 |a BG 
245 1 0 |a Modeli na ikonomičeski rastež kato funkcija na meždunarodnoto tarsene (sravnitelen analiz na primera na Južna Koreja i Tajvan).  |c Ju. Bančev 
520 |a Základné faktory dopytu a ponuky zabezpečujúce vysoké a stabilné tempá ekonomického rastu v Južnej Kórei a Tchaj-wane. Analýza základných rozdielov v použitých modeloch rastu v týchto dvoch krajinách z hľadiska diferencovaného prístupu k režimu akumulácie, koncentrácie podnikov a úverovej a daňovej politiky. Závery komparatívnej analýzy modelov ekonomického rastu. 
610 2 0 |a modely rastu 
610 2 0 |a dopyt 
610 2 0 |a ponuka 
610 2 0 |a trh medzinárodný 
610 2 0 |a analýza komparatívna 
610 2 0 |a tempo rastu hospodárskeho 
610 2 0 |a Južná Kórea 
610 2 0 |a Taiwan 
610 2 0 |a akumulácia 
610 2 0 |a politika daňová 
610 2 0 |a politika úverová 
100 1 |a Bančev, Ju.